000 00669nam a2200253Ia 4500
003 OSt
005 20220926044152.0
006 a|||||r|||| 00| 0
007 ta
008 220923b |||||||| |||| 00| 0 eng d
037 _cGeneral Book
040 _aRTL
_cRTL
_beng
041 _2eng
_aeng
082 _aR2xM95, L2
100 _aKrishnamurti J
_917012
245 0 _aTradition and revolution. Edited by Pupul Jayakar
260 _c1972
300 _a203p
_ccm.
500 _aGlossary: P 201-03
650 _a Philosophy
650 _aEpistemology-Krishnamurti
942 _hR2xM95, L2
_cGB
_2CC
999 _c674132
_d674132